| 000 | 00489nam a2200169 a 4500 | ||
|---|---|---|---|
| 005 | 20140310183348.0 | ||
| 008 | 070502s19uu xx 00 eng d | ||
| 020 | _a055321201x | ||
| 050 |
_aPZ 7 _b.B964 1987 |
||
| 100 | _aBurnett, Frances Hodgson | ||
| 245 |
_aThe secret garden / _cFrances Hodgson Burnett with an introduction by Lois Lowry. |
||
| 260 |
_aNew York : _bBantam Books, _c1987. |
||
| 300 |
_a242 p. : _c18 cm. |
||
| 650 | _aClassic. | ||
| 942 |
_cBK _2lcc |
||
| 999 |
_c22002 _d22002 |
||